|
|
|
|
| LEADER |
01136nam a2200289 a 4500 |
| 001 |
42 |
| 003 |
BD-DhAAL |
| 005 |
20150617103135.0 |
| 008 |
150617s1991 mnu b 001 0 eng |
| 010 |
|
|
|a 91011315
|
| 020 |
|
|
|a 0314850430
|
| 040 |
|
|
|a DLC
|c DLC
|d DLC
|d BD-DhAAL
|
| 050 |
0 |
0 |
|a KF1477.A7
|b O33 1991
|
| 082 |
0 |
0 |
|a 346.73/06626
|a 347.3066626
|2 20
|
| 100 |
1 |
|
|a Oesterle, Dale A.,
|d 1950-
|9 12208
|
| 245 |
1 |
4 |
|a The law of mergers, acquisitions, and reorganizations /
|c by Dale A. Oesterle.
|
| 260 |
|
|
|a St. Paul, Minn. :
|b West,
|c 1991.
|
| 300 |
|
|
|a lv, 1096 p. ;
|c 26 cm.
|
| 490 |
|
|
|a American casebook series
|
| 500 |
|
|
|a Kept up to date by supplements.
|
| 504 |
|
|
|a Includes bibliographical references and index.
|
| 541 |
|
|
|e 42
|
| 650 |
|
0 |
|a Consolidation and merger of corporations
|x Law and legislation
|z United States
|x Cases.
|9 12209
|
| 650 |
|
0 |
|a Corporate reorganizations
|z United States
|x Cases.
|9 12210
|
| 942 |
|
|
|2 ddc
|c BK
|
| 999 |
|
|
|c 34762
|d 34762
|
| 952 |
|
|
|0 0
|1 0
|2 ddc
|4 0
|6 346_730662600000000_OES
|7 0
|9 54370
|a SCL
|b SCL
|c GEN
|d 2015-06-17
|e Gift: The Asia Foundation
|l 0
|o 346.7306626 OES
|p 3020000042
|r 2015-06-17
|t 1
|w 2015-06-17
|y BK
|